|
|
|
|
| LEADER |
01812nam a2200349 a 4500 |
| 001 |
eep9781781002018 |
| 003 |
DLC |
| 005 |
20120709071129.0 |
| 006 |
m o d |
| 007 |
cr un||||||||| |
| 008 |
110302s2011 enka ob 001 0 eng d |
| 010 |
|
|
|a 2011924309
|
| 020 |
|
|
|a 9781781002018 (e-book)
|
| 040 |
|
|
|a DLC
|c DLC
|d DLC
|
| 050 |
|
4 |
|a HB615
|b .E62933 2011
|
| 082 |
0 |
0 |
|a 658.4/21
|2 23
|
| 245 |
0 |
0 |
|a Entrepreneurship and technological change
|h [electronic resource] /
|c edited by Lucio Cassia, Tommaso Minola, Stefano Paleari.
|
| 260 |
|
|
|a Cheltenham ;
|a Northampton, Mass. :
|b Edward Elgar,
|c 2011.
|
| 300 |
|
|
|a 1 online resource (xxviii, 321 p.) :
|b ill.
|
| 504 |
|
|
|a Includes bibliographical references and index.
|
| 505 |
0 |
|
|a pt. 1. Understanding change and entrepreneurship in the technology domain : foundation for a mutual causality -- pt. 2. Technology entrepreneurship and the renewal : firms, industries and regions -- pt. 3. Strategic entrepreneurship and innovation : challenges and process.
|
| 520 |
|
|
|a This book scrutinizes the relationship between entrepreneurship and change in technological domains in order to discover how each element influences the other. Fresh empirical evidence is placed under the lens of recent theoretical advancements, through the exploration of entrepreneurial initiatives at firm, regional and industrial levels.
|
| 650 |
|
0 |
|a Entrepreneurship.
|
| 650 |
|
0 |
|a Entrepreneurship
|x Technological innovations.
|
| 655 |
|
7 |
|a Electronic books.
|2 lcsh
|
| 700 |
1 |
|
|a Cassia, Lucio,
|d 1956-
|
| 700 |
1 |
|
|a Minola, Tommaso.
|
| 700 |
1 |
|
|a Paleari, Stefano,
|d 1965-
|
| 710 |
2 |
|
|a Edward Elgar Publishing.
|
| 776 |
1 |
|
|z 1849807477
|z 9781849807470 (hardback)
|
| 856 |
4 |
0 |
|u https://www.elgaronline.com/view/9781849807470.xml
|
| 911 |
|
|
|a 2011_Business
|b 2011
|c Business
|